000
00308nam a2200109Ia 4500
008
200302s9999 xx 000 0 und d
100
_a
Zafer Toprak
245
_a
Istanbul The City Where the Continents Seas Roads, Merchants Meet
260
_b
Istanbul Chamber of Commerce
260
_c
2003
300
_a
319 P.,l
999
_c
2207
_d
2207